000 00744nam0a2200265 4500
001 RU\NLR\bibl\1022391
005 20250614234637.0
010 _a5-353-02449-4
_97000
021 _aRU
_b2006-71199
_93585
035 _a(NLR Aleph) 001009914
090 _a631974
_c631974
100 _a20061214d2006 |||y0rusy50 ca
101 1 _arus
_cfre
102 _aRU
105 _aa |||||||||
200 1 _aБольшая книга головоломок
_f[пер. с фр. В.В. Тах]
210 _aМосква
_cРосмэн
_d2006
215 _a77,[3] с.
_cцв. ил.
_d28
686 _aШ992.2
801 0 _aRU
_bNLR
_c20061214
_grcr
801 1 _aRU
_bNLR
_c20061214
942 _cBOOK
980 _aNB